| Tag |
First Indicator |
Second Indicator |
Subfields |
| LEADER |
00000nam a2200000 4500 |
| 001 |
in00004188549 |
| 005 |
20200806083703.0 |
| 006 |
m g d |
| 007 |
cr bn |||a|bb| |
| 008 |
850809s1679 enk o 00 eng d |
| 035 |
|
|
|a (OCoLC)12367927
|
| 035 |
|
|
|a (UnM)99890898
|
| 037 |
|
|
|a CL2105000001
|b ProQuest Information and Learning. 300 N. Zeeb Rd., Ann Arbor, MI 48106
|
| 040 |
|
|
|a Cu-RivES
|c Cu-RivES
|d CStRLIN
|d Cu-RivES
|e dcrb
|
| 245 |
0 |
4 |
|a The second advice to the painter..
|
| 260 |
|
|
|a [London? :
|b publisher not identified,
|c 1679]
|
| 300 |
|
|
|a 1 online resource (4 pages)
|
| 336 |
|
|
|a text
|b txt
|2 rdacontent
|
| 337 |
|
|
|a computer
|b c
|2 rdamedia
|
| 338 |
|
|
|a online resource
|b cr
|2 rdacarrier
|
| 500 |
|
|
|a In verse.
|
| 500 |
|
|
|a Caption title.
|
| 500 |
|
|
|a Imprint from Wing.
|
| 500 |
|
|
|a Reproduction of original in the British Library.
|
| 510 |
4 |
|
|a Wing (CD-ROM, 1996)
|c S2255A
|
| 510 |
4 |
|
|a Pforzheimer
|c 669
|
| 510 |
4 |
|
|a Early English books tract supplement interim guide
|c 839.m.22[5]
|
| 533 |
|
|
|a Electronic reproduction.
|b Ann Arbor, Mich. :
|c UMI,
|d 1999-
|f (Early English books online)
|n Digital version of: (Early English books; Tract supplement ; A2:2[5])
|7 s1999 miun s
|
| 650 |
|
0 |
|a English poetry
|y Early modern, 1500-1700
|v Early works to 1800.
|
| 830 |
|
0 |
|a Early English books online.
|
| 856 |
4 |
0 |
|u http://proxy.library.tamu.edu/login?url=https://search.proquest.com/docview/2240903790
|z Connect to the full text of this electronic book
|t 0
|
| 999 |
f |
f |
|s 4241bff3-5b76-3054-bdac-7e49751e4f8b
|i 57853f83-fa4f-378e-8ae7-77fe7b9041c7
|t 0
|
| 952 |
f |
f |
|a Texas A&M University
|b College Station
|c Electronic Resources
|d Available Online
|t 0
|h No information provided
|
| 998 |
f |
f |
|t 0
|l Available Online
|